00870nam a2200193Ia 4500003000900000008004100009040001600050080002200066111007600088245017400164260007100338650004100409650003600450700002700486710003700513942000700550999001500557952010400572IN-BaIIA211028s9999 xx 000 0 eng d cIIA Library a523.9(082.2)bIAU aSymposium on solar-terrestrial physicscRussiad1970 May 12-1996217 0asolar-terrestrial physicsbproceedings of the International Symposium on Solar-Terrestrial Physics held in Leningrad, U.S.S.R. 12-19 May 1970cedited by E. R. Dyer aUSSRbThe Secretariat of the Inter-Union Commission on Solarc1970 aAstronomy and astrophysics thesaurus aSolar terrestrial physics95220 aDyer, E. R., ed.96218 aInternational Astronomical Union cBK c3512d3512 00104070aBANbBANcGENd1970-07-01l0o523.9(082.2)/ IAUp3911r2021-11-05w1970-07-01yBKGFree